| 000 | 01953cam a22002415a 4500 | ||
|---|---|---|---|
| 001 | L158115 | ||
| 008 | 160322s2016 xxk f 000 0 eng d | ||
| 035 | _a(Sirsi) u159241 | ||
| 041 | 0 | _aeng | |
| 110 | 2 |
_aUnited Kingdom _bCabinet Office _95270 |
|
| 245 | 0 | 4 |
_aThe state of the Estate in 2014-15 _h[electronic resource] |
| 260 |
_aLondon _cCabinet Office _b2016 |
||
| 520 | _aProvides an annual overview and statistical data on the size, ownership, geographical distribution and use of central government buildings. Excludes defence military estate, prisons, NHS estate, DEFRA rural estate, Foreign and Commonwealth Office, Home Office and overseas property. Shows how the UK Government has reduced the size of its estate by 2.4 million sq metres and running costs by £842 million and is introducing a number of sustainable measures to reduce its greenhouse gas emissions and has cut its carbon emissions by 22%. The amount of space used by an average staff members fell to 10.4 sq m in 2014?15, from 11.3 sq m in 2013?14, a reduction of 8% in one year. A new space target of 8 sq m per person was set on 1 January 2016. The Government has adopted the new International Property Measurement Standard introduced in January 2016 by the Royal Institution of Chartered Surveyors. There are plans to reduce the estate from 800 buildings to less than 200 by 2023 under its Hubs programme by accommodating government departments in 18-22 multi-departmental hubs across the UK. | ||
| 590 | _aKA | ||
| 650 | 2 | 4 | _aINTERNATIONAL PROPERTY MEASUREMENT STANDARDS |
| 651 | 4 |
_aUnited Kingdom _y |
|
| 690 |
_aCommercial property _96227 |
||
| 690 |
_aFacilities management _96240 |
||
| 690 |
_aSustainability _96271 |
||
| 690 |
_aMeasurement _96256 |
||
| 856 | 4 | 0 |
_uhttps://www.gov.uk/government/uploads/system/uploads/attachment_data/file/497449/2014-15_State_of_the_Estate_accessible.pdf _zView the item free of charge from the www.gov.uk website. |
| 942 | _n0 | ||
| 999 |
_c115758 _d115758 |
||